00336nam a2200133Ia 4500008004100000020001500041041000800056082001800064100002200082245004500104250000600149260003900155300000800194210716s2004 xx 000 0 und d a0761932127 aeng a323.0954 MARS aMarks, Stephen P. aRight to development: a primer.bPrimer. a1 aNew DelhibSage Publicationsc2004 a293